000 00720nam a2200253 a 4500
001 26379
003 CO-ViMGA
008 141112s2004 ck r 000 u spa d
015 _ack - 2005 - xxxx
020 _a9789584500649
040 _aCO-ViMGA
_bspa
_cCO-ViMGA
041 _aspa
_beng
090 _aC STEm
100 1 _aStewart, Joel
_93513
245 1 0 _aMi mamut y yo /
_cJoel Stewart ; traducción de María Villa
260 _aBogotá :
_bNorma,
_cc2007
300 _a32 p. : il. ; 24 cm
490 0 _aBuenas noches
500 _aTítulo original : Me and My Mammoth
650 1 4 _aCuentos infantiles ingleses
700 1 _aVilla, María, traductor tr.
_93514
917 _a3058 20050617
942 _2ddc
_cBK
999 _c9922
_d9922